000 01011cab a2200301 4500
001 ABS49619
008 090401t1993 xxu||||| |||| 00| 0 eng d
035 _a(Sirsi) u71963
041 _aeng
245 _aHeating & ventilation
260 _c1993
350 _a0
490 _aBuilding
_v258(7820) 19 November 1993, 40-49(7)
520 _aA special feature on new ways in thinking on the way buildings are heated and ventilated, in the light of needs to curb costs and growing environmental awareness.
650 _aBUILT ENVIRONMENT-BUILDING ELEMENTS-COMPLETE BUILDING SERVICES ELEMENTS-COMPLETE HEATING, VENTILATION AND AIR CONDITIONING SYSTEMS
650 _aCFCS
650 _aCHILLED BEAMS
650 _aCOMPARISON
650 _aCOSTS
650 _aDISPLACEMENT VENTIALTION
650 _aENGINEERING SERVICES
650 _aENVIRONMENTAL AWARENESS
650 _aLOW-ENERGY METHODS
650 _aVENTILATION
690 _aBlock management
_96220
942 _n0
948 _c04/03/1997
999 _c45394
_d45394